| 000 | 00546nam a2200169 i 4500 | ||
|---|---|---|---|
| 001 | 46751 | ||
| 003 | ES-MaACL | ||
| 005 | 20230906161437.0 | ||
| 007 | t| | ||
| 008 | 030401s1966 sp ||||1| spa d | ||
| 245 | 0 | 0 |
_aCongregación Mariana _b: comunidad cristiana, movimiento de Iglesia / _cpresentado en colaboración por: José Portolés, Mauricio Berruezo. |
| 260 |
_aMadrid : _bS.I.P.E., _c[1966] |
||
| 300 |
_a62 p. ; _c21 cm. |
||
| 700 | 1 |
_aPortolés, José. _993293 |
|
| 700 | 1 |
_aBerruezo. Mauricio. _928400 |
|
| 852 |
_aES-MaACL _jC-32424 |
||
| 999 |
_c46751 _d46751 |
||